| 000 | 00497nam a2200193Ia 4500 | ||
|---|---|---|---|
| 008 | 230612s9999 xx 000 0 und d | ||
| 041 | _aeng | ||
| 082 | _a626.9 KAN | ||
| 100 | _aKanetkar T.P. | ||
| 245 | _aSurveying And Levelling | ||
| 250 | _a23 rd Ed. | ||
| 260 |
_c1991 _bPune Vidyarthi Griha Prakashan |
||
| 300 | _a608 | ||
| 365 |
_cRs. _b55.00 |
||
| 500 | _aD. | ||
| 700 | _aKanetkar T.P. & Kulkarni S.V. | ||
| 906 |
_dB:487208-Oct-1991 _cCIVIL _b8.25 |
||
| 999 |
_c164386 _d164386 |
||